| 000 | 00690nam a22002057a 4500 | ||
|---|---|---|---|
| 005 | 20251108165352.0 | ||
| 008 | 250721s1991 xx 000 0 ara d | ||
| 082 | 1 | 4 | _aم/922.13/بخا |
| 100 | 1 | _aالبخاري، أبو عبد الله محمد بن إسماعيل بن إبراهيم | |
| 245 | 1 | 0 |
_aفهارس التاريخ الكبير : _bفهرس أطراف الأحاديث و الآثار / |
| 250 | _aط2 | ||
| 264 | 1 |
_aبيروت : _bمؤسسة الكتب الثقافية، _c1991. |
|
| 300 | _a244ص | ||
| 650 | 1 | 7 | _aالمحدثون |
| 650 | 1 | 7 | _aرجال الحديث |
| 650 | 1 | 7 | _aالتراجم |
| 650 | 1 | 7 | _aالفهارس |
| 942 |
_2ddc _cREF |
||
| 999 |
_c26260 _d26260 |
||